Paul Gauguin La busqueda del paraíso: cartas de Bretaña y de los mares del sur
Guardat en:
| Autor principal: | |
|---|---|
| Format: | Llibre |
| Idioma: | espanyol |
| Publicat: |
Barcelona
Odín
1994
|
| Matèries: | |
| Etiquetes: |
Afegir etiqueta
Sense etiquetes, Sigues el primer a etiquetar aquest registre!
|
MARC
| LEADER | 00000nam a2200000 a 4500 | ||
|---|---|---|---|
| 001 | UCP7066 | ||
| 003 | CL-VaPUC | ||
| 008 | 991126e19940000SP |||||||||||||||||spa|d | ||
| 082 | 0 | 4 | |a 759.05 |b DEN |2 21 |
| 100 | 0 | |a Denvir, Bernard |e author |9 436458 | |
| 245 | 1 | 0 | |a Paul Gauguin La busqueda del paraíso: cartas de Bretaña y de los mares del sur |
| 300 | |a 160 p | ||
| 942 | |c BK | ||
| 945 | |d 19991126 00:00:00 |a rbrito | ||
| 260 | |a Barcelona |b Odín |c 1994 | ||
| 600 | 0 | 7 | |a GAUGUIN, PAUL |2 CL-VaPUC |9 266118 |
| 650 | 0 | |a Pintura francesa |9 266122 | |
| 650 | 0 | |a Pintores franceses |9 340354 | |
| 650 | 0 | |a Biografías |9 255210 | |
| 583 | |a last modification |c 19991126 00:00:00 |k Rodrigo Vera | ||
| 999 | |c 284415 |d 284413 | ||
| 952 | |0 0 |1 0 |4 0 |6 759_050000000000000_DEN_1994 |7 0 |8 A |9 328422 |a BIBARQ |b BIBARQ |d 2019-11-20 |i 3582817 |o 759.05 DEN 1994 |p 3582817 |r 2025-01-20 |w 2019-11-20 |y BK |k ARQ | ||